000 00479nam a2200157 i 4500
001 45062
003 ES-MaACL
005 20230906161139.0
007 t|
008 030325s1972 sp ||||1| cat d
100 1 _aCodina, Jaime.
_939423
245 1 4 _aLes generacions pratenques
_b: 1538-1972 /
_cJaime Codina.
260 _aEl Prat de Llobregat (Barcelona) :
_b[s.n.,
_c1972] (
_eBarcelona :
_fTemplarios)
300 _a300 p. ;
_c19 cm.
852 _aES-MaACL
_jC-49332
_bR.84267
999 _c45062
_d45062